LDR 00585naa#a2200181#i#450# 001 EN\\bibl\119803 005 20260418062353.6 011 ## _a2782-4586 100 ## _a20260331b2026####ek#y0engy0150####ca 101 0# _aENG 102 ## _aRU 200 1# _aInternational rating agencies and their role in the world financial market: modern trends and challenges _eJournal article 210 1# _aMoscow _cITBO University _d2026 215 ## _a6 с. 608 ## _aJournal article _2local 675 ## _aМеждународные финансы. 339.7 _zENG 700 #1 _aTarba _gKamila Razhdenievna 856 4# _ajomeam.ru _u